College Quizbowl Stats
College Quizbowl Stats
Circuits
Seasons
Sets
Records
Detailed Stats
About
Loading...
2024 ARCADIA at BU
Tossups
Bonuses
Players
Teams
Categories (Tossup)
Categories (Bonus)
Mitra Hu-Henderson
Bowdoin B
Categories
Category
Powers
Gets
Negs
BBs
Points
Earliest Buzz
Avg. Buzz
First Buzzes
Top 3 Buzzes
Social Science
0
2
0
1
20
111
115.50
0
0
Geography
0
0
0
0
0
0.00
0
0
History - World History
0
0
0
0
0
0.00
0
0
Literature - British Literature
0
0
0
0
0
0.00
0
0
Literature - World Literature
0
0
0
0
0
0.00
0
0
Buzzes
Category
Answer
Value
Buzz Position
Social Science
first language acquisition
10
111
Geography
Zagros Mountains
0
113
Social Science
wage
10
120
Social Science
gift giving
0
133
History - World History
Safavid Empire
0
133
Literature - British Literature
Seamus Heaney
0
138
Literature - World Literature
Love in the Time of Cholera
0
139
Previous
1
Next